00410cam a22001452 4500001001100000005001700011008004100028040001500069050002100084100003100105245005000136260003600186300001100222700003100233000000053020151217155803.0070207s xx 000 0 eng d aKABUcKABU 0aDT443.3b.B45C851 aCulwick, A. T.@000014874610aUbena of the rivers /cA.T. and G.M. Culwick. aLondon :bAllen & Unwin,c1935. a444 p.1 aCulwick, G. M.@0000148747